000
00398nam a2200133Ia 4500
008
100328s9999 xx 000 0 und d
082
_b
57080
100
_a
साने हेमा /घाटे विनया
245
_a
वृक्ष-वैभव
260
_b
ज्ञानदा
630
_a
वृक्ष-वैभव
730
_a
वृक्ष-वैभव
942
_c
BOOK
999
_c
543558
_d
543555